[Event "St Petersburg-ch (Women)"]
[Site "St Petersburg"]
[Date "2007.02.27"]
[Round "3.7"]
[White "Gaprindashvili, Nona1111"]
[Black "Aseeva, Marina"]
[Result "1/2-1/2"]
[WhiteElo "2043"]
[BlackElo "2150"]
[PlyCount "49"]
[EventDate "2007.02.24"]
[EventType "swiss"]
[EventRounds "9"]
[EventCountry "RUS"]
[SourceTitle "CBM 117 Extra"]
[Source "ChessBase"]
[SourceDate "2007.05.09"]
[SourceVersion "1"]
[SourceVersionDate "2007.05.09"]
[SourceQuality "1"]

1. c4 e5 2. Nc3 Nf6 3. Nf3 Nc6 4. e3 d5 5. cxd5 Nxd5 6. Bb5 Nxc3 7. bxc3 e4 8. Ne5 Bd7 9. Nxd7 Qxd7 10. Qa4 Qe6 11. Rb1 Bc5 12. Bc4 Qg6 13. Bd5 f5 14. Rxb7 Kd7 15. Rb5 Qd6 16. c4 Rab8 17. Ke2 Rxb5 18. Qxb5 a6 19. Qa4 Rb8 20. a3 Rb6 21. g4 Qg6 22. gxf5 Qg2 23. Rd1 Qf3+ 24. Ke1 Qh1+ 25. Ke2 1/2-1/2

[Event "St Petersburg-ch (Women)"]
[Site "St Petersburg"]
[Date "2007.02.25"]
[Round "2.5"]
[White "Aseeva, Marina"]
[Black "Sirotkina, Nina"]
[Result "1/2-1/2"]
[WhiteElo "2150"]
[BlackElo "2284"]
[PlyCount "137"]
[EventDate "2007.02.24"]
[EventType "swiss"]
[EventRounds "9"]
[EventCountry "RUS"]
[SourceTitle "CBM 117 Extra"]
[Source "ChessBase"]
[SourceDate "2007.05.09"]
[SourceVersion "1"]
[SourceVersionDate "2007.05.09"]
[SourceQuality "1"]

1. e4 d5 2. exd5 Qxd5 3. Nc3 Qd6 4. d4 c6 5. Bc4 Nf6 6. Nf3 Bg4 7. Be3 e6 8. h3 Bh5 9. g4 Bg6 10. Ne5 Nd5 11. Nxd5 exd5 12. Nxg6 hxg6 13. Bb3 Nd7 14. Qe2 0-0-0 15. 0-0-0 Nf6 16. f3 Qc7 17. Kb1 Re8 18. Qd2 Bd6 19. c3 Re6 20. c4 Rhe8 21. Bg5 Re2 22. Qc3 Kb8 23. Bxf6 gxf6 24. cxd5 c5 25. Rhe1 cxd4 26. Qxc7+ Bxc7 27. Rxe2 Rxe2 28. Rxd4 Be5 29. Re4 Rxb2+ 30. Kc1 Rf2 31. h4 Rxf3 32. h5 gxh5 33. gxh5 Rh3 34. Bd1 Rh2 35. a4 Kc7 36. Bf3 Rh3 37. Bg4 Rh2 38. Re2 Rh1+ 39. Kc2 Kd6 40. Bf3 Rh3 41. Rf2 Rh4 42. Kb3 a5 43. Rf1 Rh2 44. Kc4 Ra2 45. Bd1 Rh2 46. Bf3 Rh4+ 47. Kb3 Rh3 48. Kc4 Rh4+ 49. Kb3 Rh2 50. Rh1 Rb2+ 51. Ka3 f5 52. h6 Rc2 53. Bd1 Rc3+ 54. Bb3 f4 55. h7 Rc8 56. Rh6+ Kd7 57. Rh3 Bd6+ 58. Kb2 Rh8 59. Bd1 Ke7 60. Rh6 Be5+ 61. Kc2 Bg7 62. d6+ Kd8 63. Rh5 Kd7 64. Bf3 Kxd6 65. Bxb7 Rb8 66. Rb5 f3 67. Bxf3 Rxb5 68. axb5 Kc5 69. Be2 1/2-1/2

[Event "St Petersburg Rudenko Memorial (Women)"]
[Site "St Petersburg"]
[Date "2006.09.27"]
[Round "2"]
[White "Aseeva, Marina"]
[Black "Pogonina, Natalija"]
[Result "1/2-1/2"]
[WhiteElo "2131"]
[BlackElo "2441"]
[PlyCount "105"]
[EventDate "2006.08.26"]
[EventType "swiss"]
[EventRounds "9"]
[EventCountry "RUS"]
[SourceTitle "CBM 113 Extra"]
[Source "ChessBase"]
[SourceDate "2006.09.14"]
[SourceVersion "1"]
[SourceVersionDate "2006.09.14"]
[SourceQuality "1"]

1. e4 c5 2. Nf3 d6 3. d4 cxd4 4. Nxd4 Nf6 5. Nc3 g6 6. Be3 Bg7 7. f3 0-0 8. Qd2 Nc6 9. Bc4 Bd7 10. 0-0-0 Rc8 11. Bb3 Ne5 12. Kb1 Re8 13. h4 h5 14. Bh6 Nc4 15. Bxc4 Rxc4 16. Bxg7 Kxg7 17. Nd5 e5 18. Nxf6 Qxf6 19. Nb3 Re6 20. Qe3 b6 21. Rdg1 Re8 22. Nd2 Rc5 23. g4 Qf4 24. Qxf4 exf4 25. g5 Be6 26. Rd1 Re5 27. c4 b5 28. Rc1 Rb8 29. Rhd1 a5 30. Nb3 bxc4 31. Nd4 Bd7 32. Rxc4 Rb6 33. Rc7 Ba4 34. Rd2 Bb5 35. Nxb5 Rexb5 36. Rd7 Kf8 37. R7xd6 Rxb2+ 38. Rxb2 Rxd6 39. Kc2 Rc6+ 40. Kd3 Rd6+ 41. Kc4 Rd1 42. Rb5 Rf1 43. Rb3 Rh1 44. Kd5 Rxh4 45. Ke5 Kg7 46. Ra3 Rh2 47. Kxf4 Rg2 48. Rxa5 h4 49. Rd5 h3 50. Rd1 h2 51. Rh1 Rxa2 52. Kg3 Ra5 53. Kf4 1/2-1/2

[Event "St Petersburg Rudenko Memorial (Women)"]
[Site "St Petersburg"]
[Date "2006.09.26"]
[Round "1"]
[White "Komiagina, Maria"]
[Black "Aseeva, Marina"]
[Result "1/2-1/2"]
[WhiteElo "2335"]
[BlackElo "2131"]
[PlyCount "86"]
[EventDate "2006.08.26"]
[EventType "swiss"]
[EventRounds "9"]
[EventCountry "RUS"]
[SourceTitle "CBM 113 Extra"]
[Source "ChessBase"]
[SourceDate "2006.09.14"]
[SourceVersion "1"]
[SourceVersionDate "2006.09.14"]
[SourceQuality "1"]

1. e4 e5 2. Nf3 Nc6 3. Bb5 a6 4. Ba4 Nf6 5. 0-0 Be7 6. Re1 b5 7. Bb3 0-0 8. c3 d5 9. exd5 Nxd5 10. Nxe5 Nxe5 11. Rxe5 c6 12. d4 Bd6 13. Re1 Qh4 14. g3 Qh3 15. Be3 Bg4 16. Qd3 Rae8 17. Nd2 Bf5 18. Qf1 Qh5 19. Bd1 Qg6 20. Qg2 Qe6 21. Bb3 Bh3 22. Qh1 Bf4 23. Bxd5 cxd5 24. Nf3 Bxe3 25. Rxe3 Qf5 26. Rxe8 Rxe8 27. Ne5 Qe6 28. Qf3 f6 29. Nd3 Bg4 30. Qf4 Bh3 31. Qd2 Qe4 32. Nf4 Bg4 33. Qd3 Qxd3 34. Nxd3 Re2 35. Nf4 Rxb2 36. Nxd5 Bf3 37. Ne3 Kf7 38. h3 a5 39. g4 a4 40. a3 Rb3 41. c4 bxc4 42. Nxc4 Rd3 43. Ne3 Rxd4 1/2-1/2

[Event "St Petersburg Rudenko Memorial (Women)"]
[Site "St Petersburg"]
[Date "2006.09.02"]
[Round "8"]
[White "Charochkina, Daria"]
[Black "Aseeva, Marina"]
[Result "1/2-1/2"]
[WhiteElo "2237"]
[BlackElo "2131"]
[PlyCount "100"]
[EventDate "2006.08.26"]
[EventType "swiss"]
[EventRounds "9"]
[EventCountry "RUS"]
[SourceTitle "CBM 113 Extra"]
[Source "ChessBase"]
[SourceDate "2006.09.14"]
[SourceVersion "1"]
[SourceVersionDate "2006.09.14"]
[SourceQuality "1"]

1. e4 e5 2. Nf3 Nc6 3. Nc3 Nf6 4. g3 d5 5. exd5 Nxd5 6. Bg2 Bg4 7. 0-0 Nxc3 8. bxc3 Bc5 9. Qe1 Qe7 10. d3 0-0 11. Nd2 f5 12. Rb1 Rab8 13. Nc4 Qf6 14. Bxc6 Qxc6 15. Nxe5 Qa4 16. d4 Bd6 17. Nxg4 fxg4 18. Qe6+ Kh8 19. c4 Qxc2 20. Rb2 Qf5 21. Qxf5 Rxf5 22. c5 Bf8 23. Bf4 Rf7 24. Rc1 h6 25. Be5 Kg8 26. Rc4 b6 27. cxb6 Rxb6 28. Rxb6 cxb6 29. Rc8 Rd7 30. Kf1 Kf7 31. Ke2 Bd6 32. Bxd6 Rxd6 33. Rc7+ Kf6 34. Ke3 Re6+ 35. Kd3 Re7 36. Rxe7 Kxe7 37. Kc4 Kd6 38. Kb5 Kd5 39. Ka6 Kxd4 40. Kxa7 b5 41. Kb6 Kc4 42. a3 b4 43. axb4 Kxb4 44. Kc6 Kc4 45. Kd6 Kd3 46. Ke5 Ke2 47. Kf4 h5 48. Kg5 Kxf2 49. Kxh5 Kg2 50. Kxg4 Kxh2 1/2-1/2

[Event "Pardubice op-B1"]
[Site "Pardubice"]
[Date "2006.07.27"]
[Round "7"]
[White "Nagibin, George"]
[Black "Aseeva, Marina"]
[Result "1-0"]
[WhiteElo "2312"]
[BlackElo "2131"]
[PlyCount "60"]
[EventDate "2006.07.21"]
[EventType "swiss"]
[EventRounds "9"]
[EventCountry "CZE"]
[SourceTitle "CBM 113 Extra"]
[Source "ChessBase"]
[SourceDate "2006.09.14"]
[SourceVersion "1"]
[SourceVersionDate "2006.09.14"]
[SourceQuality "1"]

1. d4 d5 2. c4 e6 3. Nc3 c6 4. e3 Nf6 5. Qc2 Nbd7 6. b3 dxc4 7. bxc4 e5 8. Nf3 exd4 9. exd4 Bb4 10. Be2 0-0 11. 0-0 Re8 12. Bb2 Qa5 13. Bd3 Qh5 14. Ne2 Bd6 15. Rfe1 Nf8 16. Ng3 Bxg3 17. fxg3 Bg4 18. Ne5 Ng6 19. h3 Be6 20. g4 Qh4 21. Nf3 Qg3 22. Bxg6 hxg6 23. d5 Bxg4 24. hxg4 Nxg4 25. Qd2 cxd5 26. cxd5 Rad8 27. d6 Rxe1+ 28. Rxe1 Nf6 29. Bxf6 gxf6 30. d7 Rf8 1-0

[Event "St Petersburg White Nights op"]
[Site "St Petersburg"]
[Date "2006.07.01"]
[Round "9"]
[White "Romanov, Vasily"]
[Black "Aseeva, Marina"]
[Result "1/2-1/2"]
[WhiteElo "1952"]
[BlackElo "2131"]
[PlyCount "72"]
[EventDate "2006.06.23"]
[EventType "swiss"]
[EventRounds "9"]
[EventCountry "RUS"]
[SourceTitle "CBM 112 Extra"]
[Source "ChessBase"]
[SourceDate "2006.07.14"]
[SourceVersion "1"]
[SourceVersionDate "2006.07.14"]
[SourceQuality "1"]

1. d4 Nf6 2. c4 e6 3. Nf3 b6 4. a3 Ba6 5. Qc2 d5 6. e3 Be7 7. Nbd2 0-0 8. Bd3 c5 9. dxc5 bxc5 10. 0-0 Nc6 11. e4 dxc4 12. Nxc4 Nd4 13. Nxd4 cxd4 14. Qe2 Rc8 15. e5 Ne8 16. Bd2 g6 17. Rac1 Ng7 18. b4 Bb7 19. Na5 Bd5 20. Ba6 Rxc1 21. Rxc1 Qa8 22. f3 Rd8 23. Rc7 Nf5 24. Qb5 Bxf3 25. gxf3 Qxf3 26. Qe2 Qxa3 27. Nc6 d3 28. Nxe7+ Nxe7 29. Qf2 Nf5 30. Rxa7 Qa1+ 31. Kg2 Qxe5 32. b5 Qe4+ 33. Kg1 Qg4+ 34. Kf1 Qd1+ 35. Kg2 Qg4+ 36. Kf1 Qd1+ 1/2-1/2

[Event "St Petersburg White Nights op"]
[Site "St Petersburg"]
[Date "2005.06.25"]
[Round "8"]
[White "Silivanov, Sergej"]
[Black "Aseeva, Marina"]
[Result "1-0"]
[WhiteElo "2368"]
[BlackElo "2141"]
[PlyCount "131"]
[EventDate "2005.06.18"]
[EventType "swiss"]
[EventRounds "9"]
[EventCountry "RUS"]
[SourceTitle "CBM 106 Extra"]
[Source "ChessBase"]
[SourceDate "2005.07.01"]
[SourceVersion "1"]
[SourceVersionDate "2005.07.01"]
[SourceQuality "1"]

1. e4 e5 2. Nf3 Nc6 3. d4 exd4 4. Nxd4 Nf6 5. Nc3 Bb4 6. Nxc6 bxc6 7. Bd3 0-0 8. 0-0 d5 9. exd5 cxd5 10. Bg5 c6 11. Na4 Be7 12. c4 Be6 13. Rc1 h6 14. Bh4 d4 15. Bxf6 Bxf6 16. Nc5 Bc8 17. Qf3 Bg5 18. Rc2 Qc7 19. Qe4 g6 20. Qxd4 Rd8 21. Qc3 Qd6 22. b4 Bf4 23. Re2 Bxh2+ 24. Kh1 Bf4 25. Rfe1 Bg4 26. f3 Bg5 27. fxg4 Qg3 28. Rf1 Bf4 29. Rxf4 Qxf4 30. Qe5 Qxg4 31. Qe4 Qg5 32. Qxc6 Qc1+ 33. Kh2 Qf4+ 34. g3 Qg5 35. Qf3 Kg7 36. Be4 Rac8 37. Bd5 Rc7 38. Qxf7+ Rxf7 39. Ne6+ Kg8 40. Nxg5 Rxd5 41. cxd5 hxg5 42. d6 Kf8 43. Kh3 Rd7 44. Rd2 Ke8 45. Kg4 Rb7 46. d7+ Kd8 47. a3 Rb5 48. Rd6 a5 49. bxa5 Rxa5 50. Rxg6 Kxd7 51. Rxg5 Ra4+ 52. Kh3 Ke6 53. Rg4 Rxa3 54. Rf4 Rb3 55. Kh4 Rb5 56. g4 Ra5 57. g5 Ra8 58. g6 Ke7 59. Kg5 Ra1 60. g7 Rg1+ 61. Kh6 Rh1+ 62. Kg6 Rg1+ 63. Kh7 Rh1+ 64. Kg8 Re1 65. Rh4 Re2 66. Kh8 1-0